Top 20 klubów piłkarskich w Europie - Statystyki

Ogólne statystyki
  • Ten quiz został rozwiązany 14 057 razy
  • Średni wynik to 15 z 20
Statystyki odpowiedzi
Punkty Klub % Poprawnych
270 FC Barcelona
100%
380 Real Madryt
99%
315 Bayern Monachium
93%
255 Manchester City
92%
221 Paris Saint-Germain
90%
191 Borussia Dortmund
87%
245 Liverpool
87%
193 Manchester United
86%
153 Inter Mediolan
85%
175 Arsenal
81%
224 Atlético Madryt
80%
211 Chelsea
80%
221 Juventus
80%
161 Napoli
59%
182 AS Roma
54%
159.5 Ajax
52%
186 FC Porto
52%
155 S.L. Benfica
43%
201 Sevilla
36%
153 Villarreal
20%
Nie znaleziono quizów pasujących do podanych kryteriów
Rozkład punktacji
Procent ludzi z każdym wynikiem
Percentyl według liczby udzielonych odpowiedzi
Twoja historia wyników
Nie rozwiązałeś tego quizu